Guess the Harry Potter Movies by Scene #40 - Statistics

General Stats
  • This quiz has been taken 106 times
  • The average score is 18 of 20
Answer Stats
Picture Answer % Correct
Chamber of Secrets
100%
Goblet of Fire
100%
Goblet of Fire
96%
Half-Blood Prince
96%
Philosopher's Stone
96%
Chamber of Secrets
91%
Chamber of Secrets
91%
Order of the Phoenix
91%
Order of the Phoenix
91%
Philosopher's Stone
91%
Philosopher's Stone
91%
Philosopher's Stone
91%
Prisoner of Azkaban
91%
Goblet of Fire
87%
Goblet of Fire
87%
Prisoner of Azkaban
87%
Chamber of Secrets
83%
Deathly Hallows – Part 1
83%
Deathly Hallows – Part 2
83%
Half-Blood Prince
83%
No matching quizzes found
Score Distribution
Percent of People with Each Score
Percentile by Number Answered
Your Score History
You have not taken this quiz